[Event "Tournoi International du Pays de Charleroi 2018"]
[Site "Roux, Belgium"]
[Date "2018.07.31"]
[Round "5.10"]
[White "Goossens, Hanne"]
[Black "Roos, David"]
[Result "1/2-1/2"]
[WhiteTitle "WFM"]
[WhiteElo "2204"]
[BlackElo "2142"]

1. e4 {[%clk 01:29:40]} {[%emt 00:01:20]} c6 {[%clk 01:29:52]} {[%emt
00:01:08]} 2. d4 {[%clk 01:29:59]} {[%emt 00:00:11]} d5 {[%clk 01:30:17]}
{[%emt 00:00:06]} 3. Nd2 {[%clk 01:28:16]} {[%emt 00:02:12]} dxe4 {[%clk
01:30:38]} {[%emt 00:00:08]} 4. Nxe4 {[%clk 01:28:39]} {[%emt 00:00:07]} Bf5
{[%clk 01:31:04]} {[%emt 00:00:05]} 5. Ng3 {[%clk 01:29:02]} {[%emt 00:00:07]}
Bg6 {[%clk 01:31:28]} {[%emt 00:00:06]} 6. h4 {[%clk 01:28:06]} {[%emt
00:01:26]} h6 {[%clk 01:31:39]} {[%emt 00:00:19]} 7. h5 {[%clk 01:27:49]}
{[%emt 00:00:47]} Bh7 {[%clk 01:32:08]} 8. Nf3 {[%clk 01:28:03]} {[%emt
00:00:16]} e6 {[%clk 01:32:33]} {[%emt 00:00:05]} 9. Bd3 {[%clk 01:27:14]}
{[%emt 00:01:19]} Bxd3 {[%clk 01:33:00]} {[%emt 00:00:02]} 10. Qxd3 {[%clk
01:27:38]} {[%emt 00:00:06]} Nf6 {[%clk 01:33:25]} {[%emt 00:00:06]} 11. Bd2
{[%clk 01:26:36]} {[%emt 00:01:32]} c5 {[%clk 01:33:19]} {[%emt 00:00:36]} 12.
O-O-O {[%clk 01:22:23]} {[%emt 00:04:43]} Nc6 {[%clk 01:33:43]} {[%emt
00:00:06]} 13. Bc3 {[%clk 01:11:17]} {[%emt 00:11:35]} Qd5 {[%clk 01:33:40]}
{[%emt 00:00:34]} 14. Kb1 {[%clk 01:03:10]} {[%emt 00:08:36]} c4 {[%clk
01:28:30]} {[%emt 00:05:40]} 15. Qe2 {[%clk 00:56:16]} {[%emt 00:07:24]} b5
{[%clk 01:19:05]} {[%emt 00:09:56]} 16. Ne5 {[%clk 00:45:34]} {[%emt 00:11:12]}
b4 {[%clk 01:13:46]} {[%emt 00:05:49]} 17. Nxc6 {[%clk 00:37:41]} {[%emt
00:08:22]} Qxc6 {[%clk 01:12:54]} {[%emt 00:01:23]} 18. d5 {[%clk 00:37:07]}
{[%emt 00:01:04]} Nxd5 {[%clk 01:13:06]} {[%emt 00:00:18]} 19. Bd4 {[%clk
00:34:17]} {[%emt 00:03:18]} Nf6 {[%clk 01:01:47]} {[%emt 00:11:50]} 20. Bxf6
{[%clk 00:28:40]} {[%emt 00:06:07]} gxf6 {[%clk 01:02:15]} {[%emt 00:00:02]} 21.
Ne4 {[%clk 00:28:41]} {[%emt 00:00:29]} Bg7 {[%clk 00:44:23]} {[%emt 00:18:23]}
22. Nd6+ {[%clk 00:26:02]} {[%emt 00:03:09]} Ke7 {[%clk 00:43:03]} {[%emt
00:01:49]} 23. Rh4 {[%clk 00:23:22]} {[%emt 00:03:10]} Rhd8 {[%clk 00:35:01]}
{[%emt 00:08:33]} 24. Rxc4 {[%clk 00:20:18]} {[%emt 00:03:34]} Qb6 {[%clk
00:34:49]} {[%emt 00:00:41]} 25. Qf3 {[%clk 00:12:53]} {[%emt 00:07:56]} f5
{[%clk 00:29:14]} {[%emt 00:06:05]} 26. Rc6 {[%clk 00:08:57]} {[%emt 00:04:25]}
Qa5 {[%clk 00:29:33]} {[%emt 00:00:12]} 27. Rc4 {[%clk 00:03:49]} {[%emt
00:05:37]} Rab8 {[%clk 00:22:28]} {[%emt 00:07:35]} 28. Qc6 {[%clk 00:04:06]}
{[%emt 00:00:13]} Be5 {[%clk 00:16:17]} {[%emt 00:06:41]} 29. Rc5 {[%clk
00:04:08]} {[%emt 00:00:29]} Qb6 {[%clk 00:16:42]} {[%emt 00:00:05]} 30. Qxb6
{[%clk 00:02:41]} {[%emt 00:01:57]} axb6 {[%clk 00:16:19]} {[%emt 00:00:53]} 31.
Rxe5 {[%clk 00:02:17]} {[%emt 00:00:54]} Rxd6 {[%clk 00:16:43]} {[%emt
00:00:06]} 32. Rxd6 {[%clk 00:02:40]} {[%emt 00:00:07]} Kxd6 {[%clk 00:17:10]}
{[%emt 00:00:03]} 33. Rb5 {[%clk 00:02:50]} {[%emt 00:00:20]} Rg8 {[%clk
00:14:23]} {[%emt 00:03:16]} 34. Rxb4 {[%clk 00:01:26]} {[%emt 00:01:55]} Rxg2
{[%clk 00:14:48]} {[%emt 00:00:05]} 35. a4 {[%clk 00:01:32]} {[%emt 00:00:23]}
Kc5 {[%clk 00:11:50]} {[%emt 00:03:28]} 36. Rf4 {[%clk 00:02:00]} {[%emt
00:00:02]} Rg4 {[%clk 00:04:29]} {[%emt 00:07:51]} 37. b4+ {[%clk 00:01:11]}
{[%emt 00:01:19]} Kc6 {[%clk 00:03:04]} {[%emt 00:01:55]} 38. Rxg4 {[%clk
00:01:01]} {[%emt 00:00:40]} fxg4 {[%clk 00:03:32]} {[%emt 00:00:02]} 39. Kc1
{[%clk 00:01:30]} Kd5 {[%clk 00:00:42]} {[%emt 00:03:21]} 40. Kd2 {[%clk
00:01:53]} {[%emt 00:00:07]} Kc4 {[%clk 00:01:05]} {[%emt 00:00:07]} 41. c3
{[%clk 00:30:27]} {[%emt 00:01:56]} e5 {[%clk 00:26:44]} {[%emt 00:04:50]} 42.
Ke2 {[%clk 00:25:18]} {[%emt 00:05:40]} f5 {[%clk 00:25:05]} {[%emt 00:02:08]}
43. f3 {[%clk 00:07:25]} {[%emt 00:18:23]} g3 {[%clk 00:12:26]} {[%emt
00:13:09]} 44. Kf1 {[%clk 00:06:06]} {[%emt 00:01:49]} e4 {[%clk 00:07:09]}
{[%emt 00:05:47]} 45. fxe4 {[%clk 00:06:30]} {[%emt 00:00:06]} fxe4 {[%clk
00:07:38]} 46. a5 {[%clk 00:06:13]} {[%emt 00:00:47]} bxa5 {[%clk 00:05:20]}
{[%emt 00:02:49]} 47. bxa5 {[%clk 00:06:39]} {[%emt 00:00:04]} e3 {[%clk
00:04:31]} {[%emt 00:01:18]} 48. a6 {[%clk 00:06:40]} {[%emt 00:00:29]} Kd3
{[%clk 00:04:35]} {[%emt 00:00:27]} 49. a7 {[%clk 00:06:07]} {[%emt 00:01:03]}
e2+ {[%clk 00:04:59]} {[%emt 00:00:05]} 50. Kg2 {[%clk 00:05:59]} {[%emt
00:00:38]} e1=Q {[%clk 00:05:23]} {[%emt 00:00:06]} 51. a8=Q {[%emt 00:00:07]}
Qf2+ {[%clk 00:04:59]} {[%emt 00:00:53]} 52. Kh3 {[%clk 00:06:48]} {[%emt
00:00:03]} Qh2 {[%clk 00:05:27]} {[%emt 00:00:04]} 53. Kg4 {[%clk 00:07:14]}
{[%emt 00:00:04]} g2 {[%clk 00:05:41]} {[%emt 00:00:16]} 54. Qd5+ {[%clk
00:06:14]} {[%emt 00:01:30]} Ke2 {[%clk 00:03:40]} {[%emt 00:02:31]} 55. Qe4+
{[%clk 00:06:12]} {[%emt 00:00:32]} 1/2-1/2

[Event "Tournoi International du Pays de Charleroi 2018"]
[Site "Roux, Belgium"]
[Date "2018.07.31"]
[Round "5.4"]
[White "Sclacmender, Julien"]
[Black "Mirzoev, Azer"]
[Result "0-1"]
[BlackTitle "GM"]
[WhiteElo "2245"]
[BlackElo "2506"]

1. e4 {[%clk 01:19:35]} {[%emt 00:11:24]} e6 {[%clk 01:30:32]} {[%emt
00:00:28]} 2. d4 {[%clk 01:19:50]} {[%emt 00:00:15]} d5 {[%clk 01:30:56]}
{[%emt 00:00:06]} 3. Nc3 {[%clk 01:20:17]} {[%emt 00:00:04]} Bb4 {[%clk
01:31:19]} {[%emt 00:00:07]} 4. e5 {[%clk 01:20:41]} {[%emt 00:00:06]} c5
{[%clk 01:31:41]} {[%emt 00:00:07]} 5. a3 {[%clk 01:21:08]} {[%emt 00:00:04]}
Ba5 {[%clk 01:32:03]} {[%emt 00:00:08]} 6. b4 {[%clk 01:20:31]} {[%emt
00:01:07]} cxd4 {[%clk 01:32:25]} {[%emt 00:00:07]} 7. Qg4 {[%clk 01:20:32]}
{[%emt 00:00:29]} Kf8 {[%clk 01:32:36]} {[%emt 00:00:19]} 8. Nb5 {[%clk
01:20:38]} {[%emt 00:00:24]} Bb6 {[%clk 01:31:18]} {[%emt 00:01:49]} 9. Nf3
{[%clk 01:20:59]} {[%emt 00:00:09]} Nc6 {[%clk 01:31:11]} {[%emt 00:00:36]} 10.
Bb2 {[%clk 01:21:19]} {[%emt 00:00:11]} Nge7 {[%clk 01:25:36]} {[%emt
00:06:04]} 11. Nbxd4 {[%clk 01:20:39]} {[%emt 00:01:11]} Nxd4 {[%clk 01:23:57]}
{[%emt 00:02:08]} 12. Bxd4 {[%clk 01:20:52]} {[%emt 00:00:18]} Bxd4 {[%clk
01:20:56]} {[%emt 00:03:30]} 13. Qxd4 {[%clk 01:14:17]} {[%emt 00:07:05]} Bd7
{[%clk 01:20:01]} {[%emt 00:01:24]} 14. Bd3 {[%clk 01:13:10]} {[%emt 00:01:37]}
Qb6 {[%clk 01:18:56]} {[%emt 00:01:34]} 15. Qf4 {[%clk 00:51:18]} {[%emt
00:22:25]} h6 {[%clk 01:18:00]} {[%emt 00:01:23]} 16. O-O {[%clk 00:47:29]}
{[%emt 00:04:21]} Rc8 {[%clk 01:15:50]} {[%emt 00:02:39]} 17. a4 {[%clk
00:24:57]} {[%emt 00:23:03]} Kg8 {[%clk 01:14:27]} {[%emt 00:01:51]} 18. h4
{[%clk 00:22:57]} {[%emt 00:02:32]} Qc7 {[%clk 01:02:10]} {[%emt 00:12:46]} 19.
b5 {[%clk 00:15:19]} {[%emt 00:08:09]} f5 {[%clk 00:58:06]} {[%emt 00:04:33]}
20. Rfc1 {[%clk 00:12:17]} {[%emt 00:03:33]} Kh7 {[%clk 00:52:50]} {[%emt
00:05:45]} 21. c4 {[%clk 00:11:51]} {[%emt 00:00:58]} dxc4 {[%clk 00:46:32]}
{[%emt 00:06:47]} 22. Rxc4 {[%clk 00:12:05]} {[%emt 00:00:17]} Qb6 {[%clk
00:41:57]} {[%emt 00:05:04]} 23. Rd4 {[%clk 00:11:17]} {[%emt 00:01:18]} Rhd8
{[%clk 00:29:16]} {[%emt 00:13:09]} 24. Rd6 {[%clk 00:11:09]} {[%emt 00:00:39]}
Qc7 {[%clk 00:23:44]} {[%emt 00:06:00]} 25. Rd1 {[%clk 00:10:08]} {[%emt
00:01:32]} Kh8 {[%clk 00:23:23]} {[%emt 00:00:50]} 26. Nd4 {[%clk 00:06:23]}
{[%emt 00:04:18]} Ng6 {[%clk 00:22:42]} {[%emt 00:01:10]} 27. Qg3 {[%clk
00:06:00]} {[%emt 00:00:54]} Nf8 {[%clk 00:23:09]} 28. Qe3 {[%clk 00:03:25]}
{[%emt 00:03:05]} Re8 {[%clk 00:21:06]} {[%emt 00:02:33]} 29. g4 {[%clk
00:02:04]} {[%emt 00:01:52]} fxg4 {[%clk 00:20:32]} {[%emt 00:01:04]} 30. Qe4
{[%clk 00:01:20]} {[%emt 00:01:15]} Re7 {[%clk 00:19:58]} {[%emt 00:01:02]} 31.
Qxg4 {[%clk 00:01:00]} {[%emt 00:00:51]} Rf7 {[%clk 00:16:43]} {[%emt
00:03:44]} 32. Qe4 {[%clk 00:00:49]} {[%emt 00:00:43]} Re8 {[%clk 00:15:00]}
{[%emt 00:02:12]} 33. Bb1 {[%clk 00:00:42]} {[%emt 00:00:38]} Qc5 {[%clk
00:13:28]} {[%emt 00:02:01]} 34. h5 {[%clk 00:00:34]} {[%emt 00:00:38]} Bc8
{[%clk 00:09:37]} {[%emt 00:04:20]} 35. Nf3 {[%clk 00:00:44]} {[%emt 00:00:21]}
b6 {[%clk 00:05:42]} {[%emt 00:04:26]} 36. Rd8 {[%clk 00:00:47]} {[%emt
00:00:27]} Bb7 {[%clk 00:02:37]} {[%emt 00:03:34]} 37. Rxe8 {[%clk 00:00:36]}
{[%emt 00:00:41]} Bxe4 {[%clk 00:03:02]} {[%emt 00:00:05]} 38. Bxe4 {[%clk
00:01:05]} {[%emt 00:00:01]} Rf4 {[%clk 00:02:29]} {[%emt 00:01:04]} 39. Rdd8
{[%clk 00:00:42]} {[%emt 00:00:53]} Kg8 {[%clk 00:02:49]} {[%emt 00:00:08]} 0-1

[Event "Tournoi International du Pays de Charleroi 2018"]
[Site "Roux, Belgium"]
[Date "2018.07.31"]
[Round "5.24"]
[White "Gillot, Florent"]
[Black "Naumkin, Igor"]
[Result "0-1"]
[BlackTitle "GM"]
[WhiteElo "1975"]
[BlackElo "2379"]

1. d4 {[%clk 01:30:58]} {[%emt 00:00:02]} Nf6 {[%clk 01:30:02]} {[%emt
00:00:57]} 2. Nf3 {[%clk 01:31:21]} {[%emt 00:00:07]} e6 {[%clk 01:30:25]}
{[%emt 00:00:08]} 3. c4 {[%clk 01:31:43]} {[%emt 00:00:08]} b6 {[%clk
01:30:50]} {[%emt 00:00:05]} 4. g3 {[%clk 01:31:44]} {[%emt 00:00:29]} Bb7
{[%clk 01:31:15]} {[%emt 00:00:05]} 5. Bg2 {[%clk 01:32:08]} {[%emt 00:00:06]}
Be7 {[%clk 01:31:39]} {[%emt 00:00:06]} 6. O-O {[%clk 01:32:23]} {[%emt
00:00:15]} O-O {[%clk 01:31:57]} {[%emt 00:00:11]} 7. Re1 {[%clk 01:30:07]}
{[%emt 00:02:47]} Na6 {[%clk 01:31:45]} {[%emt 00:00:42]} 8. Nc3 {[%clk
01:29:51]} {[%emt 00:00:47]} Ne4 {[%clk 01:31:09]} {[%emt 00:01:04]} 9. e3
{[%clk 01:23:20]} {[%emt 00:07:02]} f5 {[%clk 01:26:08]} {[%emt 00:05:29]} 10.
Nd2 {[%clk 01:14:18]} {[%emt 00:09:33]} Nxc3 {[%clk 01:25:24]} {[%emt
00:01:14]} 11. bxc3 {[%clk 01:14:37]} {[%emt 00:00:12]} Bxg2 {[%clk 01:25:19]}
{[%emt 00:00:35]} 12. Kxg2 {[%clk 01:15:03]} {[%emt 00:00:04]} c5 {[%clk
01:24:20]} {[%emt 00:01:28]} 13. e4 {[%clk 01:13:24]} {[%emt 00:02:11]} fxe4
{[%clk 01:22:32]} {[%emt 00:02:17]} 14. Rxe4 {[%clk 01:08:51]} {[%emt
00:05:03]} d5 {[%clk 01:19:18]} {[%emt 00:03:43]} 15. cxd5 {[%clk 01:08:53]}
{[%emt 00:00:29]} exd5 {[%clk 01:19:25]} {[%emt 00:00:23]} 16. Re1 {[%clk
01:07:58]} {[%emt 00:01:25]} Bf6 {[%clk 01:17:17]} {[%emt 00:02:37]} 17. Nf3
{[%clk 01:04:53]} {[%emt 00:03:35]} Qd7 {[%clk 01:13:20]} {[%emt 00:04:26]} 18.
Bf4 {[%clk 00:53:36]} {[%emt 00:11:49]} b5 {[%clk 01:07:49]} {[%emt 00:06:00]}
19. Qd2 {[%clk 00:48:16]} {[%emt 00:05:50]} Rac8 {[%clk 01:03:20]} {[%emt
00:05:00]} 20. Rad1 {[%clk 00:45:37]} {[%emt 00:03:09]} c4 {[%clk 01:00:36]}
{[%emt 00:03:13]} 21. a3 {[%clk 00:43:54]} {[%emt 00:02:13]} Nc7 {[%clk
00:59:02]} {[%emt 00:02:04]} 22. Rb1 {[%clk 00:37:36]} {[%emt 00:06:49]} Ne6
{[%clk 00:56:08]} {[%emt 00:03:22]} 23. Be5 {[%clk 00:37:37]} {[%emt 00:00:30]}
Be7 {[%clk 00:54:40]} {[%emt 00:01:58]} 24. Qb2 {[%clk 00:36:47]} {[%emt
00:01:19]} a6 {[%clk 00:43:34]} {[%emt 00:11:39]} 25. h4 {[%clk 00:35:39]}
{[%emt 00:01:37]} Rf7 {[%clk 00:42:53]} {[%emt 00:01:10]} 26. Re3 {[%clk
00:32:59]} {[%emt 00:03:10]} Rcf8 {[%clk 00:42:25]} {[%emt 00:00:58]} 27. Nh2
{[%clk 00:31:16]} {[%emt 00:02:13]} Rxf2+ {[%clk 00:39:30]} {[%emt 00:03:26]}
28. Qxf2 {[%clk 00:31:35]} {[%emt 00:00:10]} Rxf2+ {[%clk 00:39:55]} {[%emt
00:00:05]} 29. Kxf2 {[%clk 00:32:02]} {[%emt 00:00:04]} Bxa3 {[%clk 00:40:12]}
{[%emt 00:00:13]} 30. Rbe1 {[%clk 00:31:21]} {[%emt 00:01:10]} a5 {[%clk
00:37:13]} {[%emt 00:03:29]} 31. Nf3 {[%clk 00:31:10]} {[%emt 00:00:41]} h6
{[%clk 00:36:09]} {[%emt 00:01:34]} 32. Bf6 {[%clk 00:20:58]} {[%emt 00:10:42]}
gxf6 {[%clk 00:33:59]} {[%emt 00:02:40]} 33. Rxe6 {[%clk 00:21:23]} {[%emt
00:00:05]} Kf7 {[%clk 00:33:31]} {[%emt 00:00:57]} 34. Ra6 {[%clk 00:20:56]}
{[%emt 00:00:57]} Bb2 {[%clk 00:32:02]} {[%emt 00:01:59]} 35. Re3 {[%clk
00:19:32]} {[%emt 00:01:55]} b4 {[%clk 00:28:53]} {[%emt 00:03:40]} 36. Ra8
{[%clk 00:19:09]} {[%emt 00:00:54]} bxc3 {[%clk 00:26:27]} {[%emt 00:02:55]} 37.
Ne1 {[%clk 00:17:40]} {[%emt 00:01:59]} c2 {[%clk 00:25:40]} {[%emt 00:01:16]}
38. Rh8 {[%clk 00:16:25]} {[%emt 00:01:46]} Kg7 {[%clk 00:24:02]} {[%emt
00:02:07]} 0-1

[Event "Tournoi International du Pays de Charleroi 2018"]
[Site "Roux, Belgium"]
[Date "2018.07.31"]
[Round "5.19"]
[White "Hamblok, Roel"]
[Black "Chauvon, Guillaume"]
[Result "1/2-1/2"]
[WhiteTitle "FM"]
[WhiteElo "2286"]
[BlackElo "2013"]

1. Nf3 {[%clk 01:30:57]} {[%emt 00:00:05]} d5 {[%clk 01:30:55]} {[%emt
00:00:04]} 2. c4 {[%clk 01:31:01]} {[%emt 00:00:26]} c6 {[%clk 01:30:56]}
{[%emt 00:00:29]} 3. g3 {[%clk 01:31:00]} {[%emt 00:00:31]} Nf6 {[%clk
01:31:02]} {[%emt 00:00:24]} 4. b3 {[%clk 01:31:08]} {[%emt 00:00:22]} Bg4
{[%clk 01:30:44]} {[%emt 00:00:48]} 5. Bg2 {[%clk 01:30:30]} {[%emt 00:01:08]}
e6 {[%clk 01:30:52]} {[%emt 00:00:22]} 6. Bb2 {[%clk 01:30:51]} {[%emt
00:00:09]} Be7 {[%clk 01:31:08]} {[%emt 00:00:14]} 7. O-O {[%clk 01:31:12]}
{[%emt 00:00:09]} O-O {[%clk 01:31:18]} {[%emt 00:00:20]} 8. d3 {[%clk
01:27:17]} {[%emt 00:04:25]} Nbd7 {[%clk 01:29:31]} {[%emt 00:02:16]} 9. Nbd2
{[%clk 01:27:07]} {[%emt 00:00:40]} a5 {[%clk 01:28:12]} {[%emt 00:01:50]} 10.
a3 {[%clk 01:24:52]} {[%emt 00:02:45]} h6 {[%clk 01:27:10]} {[%emt 00:01:32]}
11. Qc2 {[%clk 01:23:28]} {[%emt 00:01:54]} b5 {[%clk 01:21:22]} {[%emt
00:06:18]} 12. h3 {[%clk 01:21:33]} {[%emt 00:02:26]} Bh5 {[%clk 01:20:29]}
{[%emt 00:01:22]} 13. Rfe1 {[%clk 01:13:35]} {[%emt 00:08:28]} Qb6 {[%clk
01:16:17]} {[%emt 00:04:42]} 14. Rac1 {[%clk 01:03:34]} {[%emt 00:10:30]} bxc4
{[%clk 01:13:49]} {[%emt 00:02:59]} 15. bxc4 {[%clk 01:02:38]} {[%emt
00:01:26]} Rab8 {[%clk 00:55:03]} {[%emt 00:19:15]} 16. Rb1 {[%clk 01:01:32]}
{[%emt 00:01:38]} Qa7 {[%clk 00:55:20]} {[%emt 00:00:11]} 17. Nd4 {[%clk
00:54:57]} {[%emt 00:07:05]} Rfc8 {[%clk 00:46:40]} {[%emt 00:09:09]} 18. Rec1
{[%clk 00:47:47]} {[%emt 00:07:41]} Bxa3 {[%clk 00:33:06]} {[%emt 00:14:03]} 19.
Bxa3 {[%clk 00:36:05]} {[%emt 00:12:14]} Qxd4 {[%clk 00:31:28]} {[%emt
00:02:08]} 20. Nb3 {[%clk 00:33:03]} {[%emt 00:03:32]} Qa7 {[%clk 00:31:11]}
{[%emt 00:00:47]} 21. Bd6 {[%clk 00:32:08]} {[%emt 00:01:24]} Rb6 {[%clk
00:28:29]} {[%emt 00:03:12]} 22. g4 {[%clk 00:24:48]} {[%emt 00:07:51]} Bg6
{[%clk 00:28:32]} {[%emt 00:00:26]} 23. Ra1 {[%clk 00:25:02]} {[%emt 00:00:17]}
Ra6 {[%clk 00:27:10]} {[%emt 00:01:51]} 24. cxd5 {[%clk 00:22:42]} {[%emt
00:02:51]} exd5 {[%clk 00:23:08]} {[%emt 00:04:32]} 25. Nc5 {[%clk 00:20:00]}
{[%emt 00:03:12]} Nxc5 {[%clk 00:21:12]} {[%emt 00:02:26]} 26. Bxc5 {[%clk
00:19:49]} {[%emt 00:00:41]} Qc7 {[%clk 00:18:54]} {[%emt 00:02:47]} 27. Ra4
{[%clk 00:17:52]} {[%emt 00:02:27]} h5 {[%clk 00:12:54]} {[%emt 00:06:30]} 28.
Be3 {[%clk 00:14:53]} {[%emt 00:03:29]} hxg4 {[%clk 00:10:59]} {[%emt
00:02:25]} 29. hxg4 {[%clk 00:15:19]} {[%emt 00:00:05]} Qd7 {[%clk 00:10:38]}
{[%emt 00:00:50]} 30. g5 {[%clk 00:14:26]} {[%emt 00:01:23]} Nh7 {[%clk
00:06:57]} {[%emt 00:04:11]} 31. Qc5 {[%clk 00:12:53]} {[%emt 00:02:04]} Re8
{[%clk 00:03:32]} {[%emt 00:03:54]} 32. Bf3 {[%clk 00:10:03]} {[%emt 00:03:20]}
Qd8 {[%clk 00:03:14]} {[%emt 00:00:48]} 33. Rca1 {[%clk 00:08:30]} {[%emt
00:02:04]} Nxg5 {[%clk 00:03:06]} {[%emt 00:00:38]} 34. Bg2 {[%clk 00:08:32]}
{[%emt 00:00:27]} Ne6 {[%clk 00:02:50]} {[%emt 00:00:46]} 35. Qa3 {[%clk
00:08:01]} {[%emt 00:01:02]} Qf6 {[%clk 00:01:30]} {[%emt 00:01:49]} 36. Qd6
{[%clk 00:05:21]} {[%emt 00:03:11]} Rea8 {[%clk 00:00:58]} {[%emt 00:01:01]} 37.
Rc1 {[%clk 00:01:18]} {[%emt 00:04:33]} 1/2-1/2